00557nam a22001697a 450000500170000001000150001702000260003203500130005803700130007108200130008410000230009724500980012026000440021827000870026230000250034970000130037420151208121618.0 aENG-114265 a9789381615089c600.00 aEN-97797 bDBAD/PUB a330.0151 aVindeshwari Prasad aAn introduction to mathematical concepts in economics /cby Vindeshwari Prasad [and] Amrendra aNew DelhibPragatisheel Prakashanc2012 a4378/4B,305, JMD House, Murarilal Street,Ansari Road, DaryaganjbNew Delhie110002 axiii,215p.c22cm(Hb) aAmrendra